000 00766nam a2200301Ia 4500
001 48323
003 IT-RoPAU
008 130308s9999 xx 000 0 und d
040 _aIT-RoPAU
040 _cIT-RoPAU
041 _aFRANCESE
100 _aAmacker René
100 _gCodice Aut. SPICS: 18617
245 _aSur la notion de valeur
245 _bStudi Saussuriani per Robert Godel
250 _a1a ed.
260 _aBOLOGNA
260 _bIl Mulino
260 _c1974 [1° Ed.:1974 - Ed.Ling.Originale:1974]
300 _a"37 p. (prefazione: no ; testo: 37 [pagine: 7-43])"
500 _aConcetto di Valore
650 _aLINGUISTICA
650 _eCodice materia Spics: 3201
942 _cBK
957 _71
999 _c39582
_d39582
999 _bSI
999 _g1